The new frontiersmen : (Record no. 190403)

MARC details
000 -LEADER
fixed length control field 01208nam a2200325 a 4500
001 - CONTROL NUMBER
control field vtls000184323
003 - CONTROL NUMBER IDENTIFIER
control field NLI
005 - DATE AND TIME OF LATEST TRANSACTION
control field 20210602111205.0
008 - FIXED-LENGTH DATA ELEMENTS--GENERAL INFORMATION
fixed length control field 101125s1967 ii m 001 0 eng
020 ## - INTERNATIONAL STANDARD BOOK NUMBER
Terms of availability Rs. 25.00
039 #9 - LEVEL OF BIBLIOGRAPHIC CONTROL AND CODING DETAIL [OBSOLETE]
-- 201011252217
-- VLOAD
040 ## - CATALOGING SOURCE
Original cataloging agency NLI
Language of cataloging eng
Transcribing agency Datasoft 1
Description conventions AACR2
041 0# - LANGUAGE CODE
Language code of text/sound track or separate title eng
044 ## - COUNTRY OF PUBLISHING/PRODUCING ENTITY CODE
MARC country code ii
082 04 - DEWEY DECIMAL CLASSIFICATION NUMBER
Classification number 325.2540942
100 1# - MAIN ENTRY--PERSONAL NAME
Personal name Aurora, G. S.
Fuller form of name (Gurdip Singh),
Dates associated with a name 1931-
9 (RLIN) 352961
245 14 - TITLE STATEMENT
Title The new frontiersmen :
Remainder of title a sociological study of Indian immigrants in the United Kingdom /
Statement of responsibility, etc. by G. S. Aurora
260 ## - PUBLICATION, DISTRIBUTION, ETC.
Place of publication, distribution, etc. Bombay :
Name of publisher, distributor, etc. Popular Prakashan,
Date of publication, distribution, etc. 1967
300 ## - PHYSICAL DESCRIPTION
Extent xv, 176 p. ;
Dimensions 23 cm.
500 ## - GENERAL NOTE
General note "The book is formed of the bulk of a thesis submitted to the London University for an M.Sc. Degree in Economics."
504 ## - BIBLIOGRAPHY, ETC. NOTE
Bibliography, etc. note Includes bibliographical references and index
650 #0 - SUBJECT ADDED ENTRY--TOPICAL TERM
Topical term or geographic name entry element Sikhs
Geographic subdivision Great Britain
9 (RLIN) 324033
651 #0 - SUBJECT ADDED ENTRY--GEOGRAPHIC NAME
Geographic name Great Britain
General subdivision Ethnic relations
887 ## - NON-MARC INFORMATION FIELD
Content of non-MARC field
901 ## - LOCAL DATA ELEMENT A, LDA (RLIN)
a DB11399
b 18.01.1968
902 ## - LOCAL DATA ELEMENT B, LDB (RLIN)
a E 325.2540942 Au 68
942 ## - ADDED ENTRY ELEMENTS (KOHA)
Source of classification or shelving scheme Dewey Decimal Classification
Koha item type Books
949 ## - LOCAL PROCESSING INFORMATION (OCLC)
-- VIRTUAITEM
-- 10000
-- 100
6 DBA000011399ENG
Holdings
Withdrawn status Lost status Damaged status Not for loan Collection code Home library Current library Shelving location Date acquired Total Checkouts Full call number Barcode Date last seen Price effective from Koha item type
        New English National Library of India National Library of India New English - Main Stack Division     E 325.2540942 Au 68 DBA000011399ENG 02/06/2021 02/06/2021 Books
                                                                           
web counter

Copyright ©2020 The National Library of India, Govt. of India ↔ Hosted by NVLI, MOC ↔ Technology and Design by National Library of India, Ministry of Culture, Govt. of India